Senti chi ascolta Ricerca nazionale sui servizi di telefono amico dei Comitati Arcigay - Report finale

Guardat en:
Dades bibliogràfiques
Autor principal: Pozzoli, Laura
Autor corporatiu: Arcigay
Altres autors: Lelleri, Raffaele
Format: Llibre
Idioma:anglès
Publicat: Bologna Arcigay 2007
Etiquetes: Afegir etiqueta
Sense etiquetes, Sigues el primer a etiquetar aquest registre!

MARC

LEADER 00000nam a2200000 4500
005 20240529184546.0
008 240529b |||||||| |||| 00| 0 eng d
040 |c GP 
100 |a Pozzoli, Laura 
245 |a Senti chi ascolta  |b Ricerca nazionale sui servizi di telefono amico dei Comitati Arcigay - Report finale 
260 |a Bologna  |b Arcigay  |c 2007 
700 |a Lelleri, Raffaele 
710 |a Arcigay 
942 |2 ddc  |c BK  |n 0 
952 |0 0  |1 0  |2 ddc  |4 0  |6 306_766000000000000_ARC  |7 1  |9 1323  |a RM  |b RM  |d 2024-05-29  |l 0  |o 306.766 ARC  |p 147  |r 2024-05-29 18:46:07  |w 2024-05-29  |y BK 
999 |c 1220  |d 1220